Представление документа в формате RUSMARC

ПолеНазваниеЗначение
  Тип записи a
  Библиографический уровень a
001 Контрольный номер RU/CBS_Ul/BASE/518461991
005 Дата корректировки 20250124000049.0
100 Данные общей обработки __
a Данные общей обработки 20160605d2016 ||| 0rusy0189 ca
101 Язык документа 0_
a Язык текста rus
102 Страна публикации __
a Страна публикации RU
105 Кодированные данные (монография) __
a Кодированные данные (монография) y###||||000|y
200 Заглавие и сведения об ответственности 1_
a Заглавие Инопланетяне могут находиться в 11 световых годах от Земли
b Общее обозначение материала Текст
e Сведения, относящиеся к заглавию [обнаружено девять новых планет, пригодных для жизни]
f Первые сведения об ответственности В. Лаговский
300 Общие примечания __
a Общие примечания Ограничения по возрасту - 12+
461 Уровень набора _0
1 2000
a Комсомольская правда
463 Уровень физической единицы _0
1 001RU/CBS_Ul/BASE/518195868
1 2000
a № 22-т (1-8 июня)
v С. 25
1 210
d 2016
606 Тематические рубрики 0_
a Основная рубрика Планеты - Обитаемость - Научные взгляды
610 Ключевые слова 0_
a Ключевые слова космос
a Ключевые слова галактики
a Ключевые слова планеты
a Ключевые слова Млечный Путь
686 Индексы других классификаций __
a Классификационный индекс 22.654
2 Код системы ББК
700 Автор _1
a Фамилия Лаговский
b Имя (инициалы) В.
801 Источник записи _0
a Страна RU
b Организация МБУК ЦБС г. Ульяновска
c Дата составления 20160605
g Правила каталогизации RCR
801 Источник записи _1
a Страна RU
b Организация МБУК ЦБС г. Ульяновска
c Дата составления 20160605
g Правила каталогизации RCR
901 Тип документа __
t Тип документа f
w Контрольный № источника RU/CBS_Ul/BASE/518195868
910 Корректоры записи __
a Корректор записи Библиотека 1
938 Служебная информация __
a Имя БД period